| 000 | 00451nam a22001577a 4500 | ||
|---|---|---|---|
| 003 | NUST | ||
| 038 | _asaima | ||
| 082 |
_a004 _bMCS |
||
| 100 |
_aMumtaz, Zainub _935064 |
||
| 245 | _aMetamorphic Techniques and Their Application on Havex Malware / | ||
| 260 |
_aIslamabad : _bMCS - NUST, _c2017. |
||
| 300 |
_a65 p. ; _c30cm. |
||
| 650 |
_aInformation Security-Metamorphic Techniques _935065 |
||
| 700 |
_aDr. Mehreen Afzal _921569 |
||
| 942 |
_2ddc _cTHE |
||
| 999 |
_c540832 _d540832 |
||